| 000 | 00606nam a2200217Ia 4500 | ||
|---|---|---|---|
| 003 | GCL | ||
| 008 | 140319s9999 xx 000 0 eng d | ||
| 040 |
_aGCL / _cGCL |
||
| 082 | 0 | 4 |
_a332,1 _bM E |
| 100 | 1 | _aMILLER, ROGER LEROY | |
| 245 | 1 | 0 |
_aESSENTIALS OF MONEY, BANKING AND FINANCIAL MARKETS / _cMILLER, ROGER LEROY |
| 700 | 1 | _aVAN HOOSE, DAVID | |
| 260 |
_a[S.N] : _bADDISON - WESLEY PUBLISHING COMPANY ، _c1996 |
||
| 300 | _a498 P | ||
| 650 | 0 | 4 | _aMONEY |
| 650 | 0 | 4 | _aBANKS AND BANKING |
| 650 | 0 | 4 | _aFINANCIAL INSTITUTIONS |
| 650 | 0 | 4 | _aBANKS |
| 650 | 0 | 4 | _aMONETARY POLICY |
| 942 |
_2ddc _cBK |
||
| 999 |
_c13005 _d13005 |
||